Animal traction in a farming systems perspective : a farming system support project networkshop (Record no. 24957)
[ view plain ]
| 000 -LEADER | |
|---|---|
| fixed length control field | 00726 a2200277 4500 |
| 100 ## - VEDETTE PRINCIPALE - NOM DE PERSONNE | |
| Personal name | POATS, Susan V. |
| 130 ## - VEDETTE PRINCIPALE - TITRE UNIFORME | |
| Language of a work | En |
| 260 ## - PUBLICATION, DISTRIBUTION, ETC. (IMPRINT) | |
| Place of publication, distribution, etc | Florida |
| 260 ## - PUBLICATION, DISTRIBUTION, ETC. (IMPRINT) | |
| Name of publisher, distributor, etc | Farming Systems Support Project |
| 245 ## - TITLE STATEMENT | |
| Title | Animal traction in a farming systems perspective : a farming system support project networkshop |
| 260 ## - PUBLICATION, DISTRIBUTION, ETC. (IMPRINT) | |
| Date of publication, distribution, etc | 1985 |
| 300 ## - PHYSICAL DESCRIPTION | |
| Extent | 187 p. |
| 300 ## - PHYSICAL DESCRIPTION | |
| Other physical details | Couv. ill. en coul., ill. |
| 440 ## - SERIES STATEMENT/ADDED ENTRY--TITLE | |
| Number of part/section of a work | 1 |
| 440 ## - SERIES STATEMENT/ADDED ENTRY--TITLE | |
| Title | Farming Systems Support Project Network Report |
| 650 ## - SUBJECT ADDED ENTRY--TOPICAL TERM | |
| Topical term or geographic name as entry element | Traction animale |
| 650 ## - SUBJECT ADDED ENTRY--TOPICAL TERM | |
| Topical term or geographic name as entry element | Elevage |
| 650 ## - SUBJECT ADDED ENTRY--TOPICAL TERM | |
| Topical term or geographic name as entry element | Système de culture |
| 651 ## - SUBJECT ADDED ENTRY--GEOGRAPHIC NAME | |
| Geographic name | Togo |
| 700 1# - ADDED ENTRY--PERSONAL NAME | |
| Personal name | LICHTE, John |
| 700 1# - ADDED ENTRY--PERSONAL NAME | |
| Personal name | OXLEY, J. |
| 700 1# - ADDED ENTRY--PERSONAL NAME | |
| Personal name | RUSSO, S.L. |
| 700 1# - ADDED ENTRY--PERSONAL NAME | |
| Personal name | STARKEY, P.H. |
| Withdrawn status | Lost status | Damaged status | Not for loan | Location (home branch) | Sublocation or collection (holding branch) | Date acquired | Koha issues (times borrowed) | Koha full call number | Koha date last seen | Copy number | Price effective from | Koha item type | Public note |
|---|---|---|---|---|---|---|---|---|---|---|---|---|---|
| Bibliothèque-Centre de Documentation de la Faculté des Sciences Agronomiques | Bibliothèque-Centre de Documentation de la Faculté des Sciences Agronomiques | 125.ESR.09 | 28/02/2009 | 1 | 28/02/2009 | Livre | A.3798 |